Caste mobility and political process with special reference to political participation of women: a case of Jatavs of Abupur of Ghaziabad district, Uttar Pradesh (Record no. 11326)
[ view plain ]
| 000 -LEADER | |
|---|---|
| fixed length control field | 00770nam a2200205Ia 4500 |
| 082 ## - DEWEY DECIMAL CLASSIFICATION NUMBER | |
| Classification number | TS.0940 |
| 100 ## - MAIN ENTRY--AUTHOR NAME | |
| Personal name | Sudeep Kumar |
| 245 #0 - TITLE STATEMENT | |
| Title | Caste mobility and political process with special reference to political participation of women: a case of Jatavs of Abupur of Ghaziabad district, Uttar Pradesh |
| 260 ## - PUBLICATION, DISTRIBUTION, ETC. (IMPRINT) | |
| Year of publication | 2003 |
| Name of publisher | University of Delhi, Delhi |
| 300 ## - PHYSICAL DESCRIPTION | |
| Number of Pages | 336 + C D - 53 |
| 504 ## - BIBLIOGRAPHY, ETC. NOTE | |
| Bibliography, etc | includes appendices and bibliography |
| 650 ## - SUBJECT ADDED ENTRY--TOPICAL TERM | |
| Topical Term | Untouchables |
| Form subdivision | Ghaziabad (Uttar Pradesh) |
| 650 ## - SUBJECT ADDED ENTRY--TOPICAL TERM | |
| Topical Term | Caste |
| Form subdivision | Ghaziabad (Uttar Pradesh) |
| 650 ## - SUBJECT ADDED ENTRY--TOPICAL TERM | |
| Topical Term | Jatavas, The |
| Form subdivision | Ghaziabad (Uttar Pradesh) |
| 650 ## - SUBJECT ADDED ENTRY--TOPICAL TERM | |
| Topical Term | Chamers |
| Form subdivision | Ghaziabad (Uttar Pradesh) |
| 650 ## - SUBJECT ADDED ENTRY--TOPICAL TERM | |
| Topical Term | Women in politics |
| Form subdivision | Ghaziabad (Uttar Pradesh) |
| 650 ## - SUBJECT ADDED ENTRY--TOPICAL TERM | |
| Topical Term | Women |
| 710 ## - ADDED ENTRY--CORPORATE NAME | |
| Corporate name or jurisdiction name as entry element | Channa, Subhadra |
| 942 ## - ADDED ENTRY ELEMENTS (KOHA) | |
| Koha item type | Thesis |
| Source of classification or shelving scheme | Dewey Decimal Classification |
| Withdrawn status | Lost status | Damaged status | Not for loan | Home library | Current library | Date acquired | Source of acquisition | Bill Date | Full call number | Accession Number | Price effective from | Koha item type |
|---|---|---|---|---|---|---|---|---|---|---|---|---|
| NASSDOC Library | NASSDOC Library | 10/10/2005 | Gifted by : Fellowship Division, ICSSR | 2005-09-27 | TS.0940 | 41037 | 18/04/2019 | Thesis |
